00238nam a2200085 a 450000500170000000800410001705000220005824500280008026000440010820140414132058.0110725s19uu xx 00 eng d aREF 600bSCI 1997 aScience and the future. aU.S.A :bEncyclopedia Britanica,c1997.